000 00571nam a2200205 i 4500
001 43144
003 ES-MaACL
005 20240421063013.0
007 t|
008 030317s1978 sp ||||1| spa d
100 1 _aCelaya, Gabriel,
_d1911-1991
_937346
245 1 0 _aIberia sumergida /
_cGabriel Celaya.
250 _a[1ª ed.].
260 _a[Pamplona] :
_bPeralta,
_c[1978]
300 _a111 p. ;
_c21 cm.
490 1 _aPoesía Hiperión
830 0 _aPoesía Hiperión
_9177326
852 _aES-MaACL
_jA-8873
_bR.98047
999 _c43144
_d43144